| 000 | 00371 a2200169 4500 | ||
|---|---|---|---|
| 001 | 194568 | ||
| 020 | _a978-85-06-07092-5 | ||
| 040 | _cMagnum | ||
| 100 | _aBiavati, Eduardo | ||
| 240 | 1 | 0 |
_aPare, ollhe e escute! _lpor |
| 245 | 1 | 0 | _aPare, ollhe e escute! |
| 300 | _a31 | ||
| 362 | 0 | _a2013 | |
| 440 | 1 | _aMelhoramentos | |
| 697 | _aLITERATURA INFANTO | ||
| 942 | _cBK | ||
| 999 |
_c194568 _d194568 |
||